00286nam a2200121Ia 4500008004100000100002000041245001600061260003400077300000900111650002000120942000700140999001700147190216s9999||||xx |||||||||||||| ||und|| aRadhakrishnan C 0aThamaso Maa b"Hi Tech Books , Kochi"c1999 a398p aMalayalam Novel cBK c27895d27895